| Tag |
First Indicator |
Second Indicator |
Subfields |
| LEADER |
00000cam a2200000 a 4500 |
| 001 |
in00000032988 |
| 005 |
20231006185054.0 |
| 008 |
920804s1986 sz b i000 0 eng |
| 010 |
|
|
|a 92194933
|
| 019 |
|
|
|a 15994647
|a 60109378
|a 123213900
|a 150700861
|
| 020 |
|
|
|z 9287020234
|
| 020 |
|
|
|a 9287010234
|
| 020 |
|
|
|a 9789287010230
|
| 024 |
8 |
|
|a ZBWT00072040
|
| 029 |
1 |
|
|a AU@
|b 000006126203
|
| 029 |
1 |
|
|a GBVCP
|b 127175830
|
| 029 |
1 |
|
|a NZ1
|b 3353417
|
| 035 |
|
|
|a (OCoLC)ocm17898060
|
| 035 |
|
|
|a (OCoLC)17898060
|z (OCoLC)15994647
|z (OCoLC)60109378
|z (OCoLC)123213900
|z (OCoLC)150700861
|
| 035 |
|
|
|a (OCoLC)ocm17898060
|
| 037 |
|
|
|a GATT/1986-5
|
| 040 |
|
|
|a DLC
|b eng
|c DLC
|d DTC
|d VPI
|d MUQ
|d NLGGC
|d BTCTA
|d YDXCP
|d STF
|d NJRLL
|d VA@
|d GBVCP
|d OCLCO
|d OCLCF
|d BEDGE
|d OCLCQ
|d OCLCO
|d OCL
|d CNUTO
|d OCLCQ
|d OCLCO
|d GILDS
|d BDP
|d UMK
|d OCLCO
|d OCL
|
| 050 |
0 |
0 |
|a K4603 1973
|b .A4 1991
|
| 050 |
1 |
4 |
|a KF6668.J3
|b G46 1986
|
| 055 |
|
4 |
|a K4603.A4
|
| 082 |
0 |
0 |
|a 343/.087
|a 342.387
|2 20
|
| 084 |
|
|
|a 83.42
|2 bcl
|
| 086 |
0 |
|
|a GATT/1986-5
|
| 245 |
0 |
4 |
|a The Texts of the Tokyo Round agreements /
|c General Agreement on Tariffs and Trade.
|
| 260 |
|
|
|a Geneva :
|b GATT,
|c [1986]
|g (1991 printing)
|
| 300 |
|
|
|a vii, 208 pages ;
|c 24 cm
|
| 336 |
|
|
|a text
|b txt
|2 rdacontent
|
| 337 |
|
|
|a unmediated
|b n
|2 rdamedia
|
| 338 |
|
|
|a volume
|b nc
|2 rdacarrier
|
| 500 |
|
|
|a "August 1986."
|
| 500 |
|
|
|a "Sales no.: GATT/1986-5"--Page 4 of cover.
|
| 504 |
|
|
|a Includes bibliographical references.
|
| 611 |
2 |
0 |
|a Tokyo Round
|d (1973-1979)
|v Congresses.
|
| 650 |
|
0 |
|a Tariff
|x Law and legislation.
|
| 650 |
|
0 |
|a Foreign trade regulation.
|
| 650 |
|
0 |
|a Commercial policy.
|
| 611 |
2 |
6 |
|a Tokyo Round
|d (1973-1979)
|
| 630 |
0 |
6 |
|a Accord général sur les tarifs douaniers et le commerce
|d (1947)
|
| 650 |
|
6 |
|a Commerce international
|x Réglementation.
|
| 650 |
|
6 |
|a Politique commerciale.
|
| 650 |
|
6 |
|a Droit commercial
|x Législation.
|
| 650 |
|
6 |
|a Tarif douanier
|x Droit
|x Législation.
|
| 650 |
|
7 |
|a GATT Rounds.
|2 eclas
|
| 650 |
|
7 |
|a Accords commerciaux.
|2 eclas
|
| 611 |
2 |
7 |
|a Tokyo Round.
|2 fast
|0 (OCoLC)fst01405525
|
| 650 |
|
7 |
|a Commercial policy.
|2 fast
|0 (OCoLC)fst00869569
|
| 650 |
|
7 |
|a Foreign trade regulation.
|2 fast
|0 (OCoLC)fst00931923
|
| 650 |
|
7 |
|a Tariff
|x Law and legislation.
|2 fast
|0 (OCoLC)fst01143167
|
| 650 |
1 |
7 |
|a GATT.
|2 gtt
|
| 650 |
1 |
7 |
|a Tokyo-ronde.
|2 gtt
|
| 653 |
|
0 |
|a Foreign
|a trade
|a regulation
|
| 653 |
|
0 |
|a Tariff
|a Law
|a and
|a legislation
|
| 655 |
|
4 |
|a Congresses.
|
| 655 |
|
7 |
|a Conference papers and proceedings.
|2 fast
|0 (OCoLC)fst01423772
|
| 655 |
|
7 |
|a Conference papers and proceedings.
|2 lcgft
|
| 655 |
|
7 |
|a Actes de congrès.
|2 rvmgf
|
| 710 |
2 |
|
|a General Agreement on Tariffs and Trade (Organization)
|
| 711 |
2 |
|
|a Tokyo Round
|d (1973-1979)
|
| 776 |
0 |
8 |
|i Online version:
|t Texts of the Tokyo Round agreements.
|d Geneva : GATT, [1986] (1991 printing)
|w (OCoLC)568202937
|
| 938 |
|
|
|a Baker and Taylor
|b BTCP
|n 92194933
|
| 938 |
|
|
|a YBP Library Services
|b YANK
|n 1272836
|
| 948 |
|
|
|h HELD BY TXA - 169 OTHER HOLDINGS
|
| 994 |
|
|
|a Z0
|b TXA
|
| 999 |
f |
f |
|s 18f855b8-a27a-3863-9ecd-d6a10f97aac0
|i 674000bc-27cb-3984-9ea3-c8c11be93d7d
|t 0
|
| 952 |
f |
f |
|p ric
|a Texas A&M University
|b Rellis Campus
|c Joint Library Facility
|s JLF
|d Remote Storage
|t 0
|e KF6668.J3 G46 1986
|h Library of Congress classification
|i unmediated -- volume
|m A14811115328
|